| 000 | nam a22 7a 4500 | ||
|---|---|---|---|
| 999 |
_c29847 _d29847 |
||
| 008 | 181003b xxu||||| |||| 00| 0 eng d | ||
| 020 | _aEcyclopaedia | ||
| 050 | _aREF AE 5 .N64 1987 | ||
| 245 | _aNew standard Encyclopaedia/ | ||
| 260 |
_aUSA: _bChicago, _c1987. |
||
| 300 | _avarious paging: ill. ; 24cm | ||
| 650 | _aEncyclopedia | ||
| 942 |
_2lcc _cREF_BOOK _hREF AE 5 .N64 1987 |
||